Click Countries Of The World In 1945 On A Map - Statistics

General Stats
  • This quiz has been taken 110 times
  • The average score is 61 of 74
Answers on the Map
Answers color-coded by a green-red scale on the quiz's map according to % correct below.
 
Answer Stats
Answer % Correct
Canada
89%
Brazil
87%
Dominican Republic
86%
Ecuador
86%
Iran
86%
Mexico
86%
Sweden
86%
Venezuela
86%
Argentina
85%
Belgium
85%
Cuba
85%
Iceland
85%
Indonesia
85%
Iraq
85%
Norway
85%
Romania
85%
South Africa
85%
Soviet Union
85%
Spain
85%
Turkey
85%
Vatican City
85%
Afghanistan
83%
Australia
83%
Bolivia
83%
Bulgaria
83%
Chile
83%
China
83%
Denmark
83%
Finland
83%
France
83%
Liechtenstein
83%
Luxembourg
83%
Mongolia
83%
Nepal
83%
New Zealand
83%
Panama
83%
San Marino
83%
Saudi Arabia
83%
United States
83%
Andorra
82%
Egypt
82%
Ethiopia
82%
Greece
82%
Ireland
82%
Italy
82%
Japan
82%
Paraguay
82%
Portugal
82%
Thailand
82%
United Kingdom
82%
Vietnam
82%
Colombia
81%
East Turkestan
81%
Hungary
81%
Liberia
81%
Netherlands
81%
Uruguay
81%
Costa Rica
80%
Nicaragua
80%
Peru
80%
Poland
80%
Syria
80%
Yugoslavia
80%
Albania
79%
Czechoslovakia
79%
Honduras
79%
Yemen
79%
Guatemala
77%
Haiti
77%
Monaco
77%
Switzerland
77%
Tibet
77%
El Salvador
73%
Lebanon
71%
No matching quizzes found
Score Distribution
Percent of People with Each Score
Percentile by Number Answered
Your Score History
You have not taken this quiz